| 000 | 01334nam0a2200313 4500 | ||
|---|---|---|---|
| 001 | RU\NLR\bibl\1658444 | ||
| 005 | 20250616040208.0 | ||
| 010 |
_a978-5-211-05721-0 _91100 |
||
| 021 |
_aRU _b2010-45861 _93055 |
||
| 035 | _a(NLR Aleph) 001649742 | ||
| 090 |
_a914155 _c914155 |
||
| 100 | _a20100726d2010 |||y0rusy50 ca | ||
| 101 | 1 |
_arus _cgre |
|
| 102 | _aRU | ||
| 105 | _ay ||||||||| | ||
| 200 | 1 |
_aФутболка с номером девять _eроман _fМенис Кумандареас _gпер. с греч. Т.В. Кокуриной _gпод ред. Е.Ю. Сычевой, к.филол.н. М. Патсиса _gвступ. ст. к.филол.н. М. Патсиса |
|
| 210 |
_aМосква _cИзд-во Московского университета _cГреческий культурный центр _d2010 |
||
| 215 |
_a236, [2] с. _d23 |
||
| 300 | _aГен. спонсор DeAgostini | ||
| 320 | _aДр. работы авт. в тексте предисл. | ||
| 686 | _aШ6(4Гр)07-4{Лх1268} | ||
| 700 | 1 |
_4070 _7ca _8rus _aКумандареас _bМ. _f1931-2014 _gМенис _9239341 _3RU\NLR\AUTH\770239397 |
|
| 702 | 1 |
_aКокурина _bТ. В. _4730 |
|
| 801 | 0 |
_aRU _bNLR _c20100726 _gRCR |
|
| 801 | 1 |
_aRU _bNLR _c20100726 |
|
| 830 | _aавт. по кн. | ||
| 942 | _cBOOK | ||
| 980 | _aNB | ||